000 00977nam0a22003131 4500
001 RU\INGAK2\INFOCOMM_61\5000123868
005 20250625203207.0
010 _96370 экз.
_a5-01-000114-4
035 _a(NLR Aleph) 011070419
090 _a11275088
_c11275088
100 _a20160216d1988 |||y0rusy50 ca
101 1 _aspa
_crus
102 _aRU
105 _ay z||||
200 1 _aAcerca del estado
_eConferencia pronunciada en la Universidad Sverdlov el 11 de julio de 1919
_fV. I. Lenin
205 _aReimpr.
210 _aM.
_cProgreso
_d1988
215 _a26 с.
_d20 см
225 1 _aObras
_fMarx, Engels, Lenin
300 _aЗагл. оригинала: О государстве
620 _aМосква
686 _aМ-Л170
_2rubbk
686 _aА156(изд.1975г.)
_2rubbk
700 1 _aLenin
_bV. I.
_f1870-1924
_gVladimir Il'ič
801 1 _aRU
_bInfoComm
_c20130109
801 0 _aRU
_bNLR
_gPSBO
852 _aNLR
_jЛ 112-19/9-11
942 _cBOOK
980 _aNB